Logical Elimination Click Quiz: Countries #2 - Statistics

General Stats
  • This quiz has been taken 53,358 times
  • The average score is 9 of 15
Answer Stats
Hint Answer % Correct
The Himalayas cross me Nepal
87%
I am the largest Russia
87%
I was the birthplace of the Renaissance Italy
83%
I border the Black Sea Turkey
77%
My capital starts with M Mexico
76%
My territory completely surrounds another country South Africa
73%
The Sahara Desert touches my territory Chad
62%
I start with a vowel Australia
61%
I am an African country DR Congo
59%
The Prime Meridian crosses my land territory United Kingdom
59%
I have a crescent on my flag Algeria
55%
I end with a consonant Vietnam
46%
I border the Caribbean Sea Panama
39%
I am the remaining country Chile
38%
I have NO star on my flag Bahamas
37%
No matching quizzes found
Score Distribution
Percent of People with Each Score
Percentile by Number Answered
Your Score History
You have not taken this quiz